00299nam a2200133Ia 45000030006000000080041000060400015000471000024000622450020000862600026001063000006001325460010001380050017001480STCL150530s9999 xx 000 0 und d aSTCLcSTCL aShatrughnalal Sukla aBhool Par Bhool bUmesh Prakashanc1987 a0 aHindi20220125171250.0